| 000 | 00856nam a2200277Ia 4500 | ||
|---|---|---|---|
| 001 | Z_1715 | ||
| 003 | CHAP | ||
| 008 | 220113s1999 xx 000 0 und d | ||
| 010 | _a164807 | ||
| 040 | _cCHAP | ||
| 090 | _aTesis V 1376 | ||
| 100 |
_aVelasco Ortega, Frank _9118422 |
||
| 245 |
_aCaracterización técnico financiera de la ganadería bovina en Tlanchinol, Hidalgo / _cpor Frank Velasco Ortega |
||
| 260 |
_aChapingo, Méx. : _bEl autor, _c1999 |
||
| 300 | _a53 h. : gráfs. | ||
| 502 | _aTesis (Ing. Agr. Esp. en Zootecnia) -- UACH. Departamento de Zootecnia | ||
| 650 |
_aGanado vacuno _xAspectos económicos _945436 |
||
| 650 |
_aGanado vacuno _xCostos de producción _945449 |
||
| 650 |
_aGanado vacuno _xHidalgo _945473 |
||
| 901 | _aTESIS V 1376 | ||
| 902 | _aM | ||
| 910 | _a1999 | ||
| 942 | _c2 | ||
| 942 | _c2 | ||
| 999 |
_c164807 _d164807 |
||